[Event "GER-ch Net Amateur Gr-C Vor3"]
[Site "Playchess.com INT"]
[Date "2020.04.16"]
[Round "6"]
[White "Guntermann, Erik"]
[Black "Kilius, Anastasios"]
[Result "1/2-1/2"]
[WhiteElo "1576"]
[BlackElo "1388"]
[PlyCount "61"]
[EventDate "2020.04.16"]
[EventType "swiss (blitz)"]
[EventRounds "9"]
[EventCountry "GER"]
[SourceTitle "CBM 195 Extra"]
[Source "ChessBase"]
[SourceDate "2020.05.31"]
[SourceVersion "1"]
[SourceVersionDate "2020.05.31"]
[SourceQuality "1"]

1. d4 e6 2. e4 c5 3. c3 cxd4 4. cxd4 d6 5. f4 Nd7 6. Nf3 b6 7. Bb5 Bb7 8. Nc3 a6 9. Ba4 b5 10. Bb3 b4 11. Na4 Bxe4 12. 0-0 d5 13. Bc2 Bxc2 14. Qxc2 a5 15. Be3 Ngf6 16. Nd2 Qc8 17. Qd3 Qb7 18. h3 Be7 19. Rac1 0-0 20. f5 Rac8 21. Rxc8 Rxc8 22. fxe6 fxe6 23. Bf4 Qc7 24. Qf3 Qc2 25. b3 Qxa2 26. Be3 Qc2 27. g4 Qg6 28. Bf4 Qc2 29. Be3 Qg6 30. Bf4 Qc2 31. Be3 1/2-1/2

[Event "GER-ch Net Amateur Gr-C Vor3"]
[Site "Playchess.com INT"]
[Date "2020.04.16"]
[Round "5"]
[White "Kilius, Anastasios"]
[Black "Rotteveel, Guenther"]
[Result "0-1"]
[WhiteElo "1400"]
[BlackElo "1495"]
[PlyCount "48"]
[EventDate "2020.04.16"]
[EventType "swiss (blitz)"]
[EventRounds "9"]
[EventCountry "GER"]
[SourceTitle "CBM 195 Extra"]
[Source "ChessBase"]
[SourceDate "2020.05.31"]
[SourceVersion "1"]
[SourceVersionDate "2020.05.31"]
[SourceQuality "1"]

1. b4 e5 2. Bb2 d6 3. e3 a5 4. a3 axb4 5. axb4 Rxa1 6. Bxa1 Nc6 7. b5 Nce7 8. c4 Nf6 9. Nf3 Ng6 10. Bd3 Be7 11. Bxg6 fxg6 12. Bb2 0-0 13. 0-0 Bg4 14. h3 Bh5 15. g4 Nxg4 16. hxg4 Bxg4 17. e4 Rxf3 18. Qe1 Bh4 19. Nc3 Qg5 20. Ne2 Bh3+ 21. Ng3 Bxg3 22. fxg3 Rxf1+ 23. Qxf1 Bxf1 24. Kxf1 Qxg3 0-1

[Event "GER-ch Net Amateur Gr-C Vor2"]
[Site "Playchess.com INT"]
[Date "2020.04.15"]
[Round "9"]
[White "Kilius, Anastasios"]
[Black "Bock, Leonas"]
[Result "0-1"]
[WhiteElo "1388"]
[BlackElo "1620"]
[PlyCount "34"]
[EventDate "2020.04.15"]
[EventType "swiss (blitz)"]
[EventRounds "9"]
[EventCountry "GER"]
[SourceTitle "CBM 196 Extra"]
[Source "ChessBase"]
[SourceDate "2020.07.31"]
[SourceVersion "1"]
[SourceVersionDate "2020.07.31"]
[SourceQuality "1"]

1. d4 d5 2. Bf4 e6 3. Nf3 f5 4. e3 Nf6 5. Bd3 Bd6 6. Bg3 0-0 7. c3 Ne4 8. Nbd2 Nd7 9. 0-0 b6 10. Nb3 Bb7 11. Qc2 c5 12. dxc5 bxc5 13. Nbd2 c4 14. Bxd6 cxd3 15. Qxd3 Nxd6 16. Nb3 Qc8 17. Nbd4 Ba6 0-1

[Event "GER-ch Net Amateur Gr-C Vor2"]
[Site "Playchess.com INT"]
[Date "2020.04.15"]
[Round "7"]
[White "Kilius, Anastasios"]
[Black "Radeke, Rico"]
[Result "1-0"]
[WhiteElo "1375"]
[BlackElo "1500"]
[PlyCount "104"]
[EventDate "2020.04.15"]
[EventType "swiss (blitz)"]
[EventRounds "9"]
[EventCountry "GER"]
[SourceTitle "CBM 196 Extra"]
[Source "ChessBase"]
[SourceDate "2020.07.31"]
[SourceVersion "1"]
[SourceVersionDate "2020.07.31"]
[SourceQuality "1"]

1. b4 e5 2. Bb2 Nc6 3. b5 Nd4 4. e3 Nf5 5. Bxe5 d6 6. Bb2 Nf6 7. Nf3 Be7 8. Be2 Bd7 9. a4 0-0 10. c4 a6 11. 0-0 axb5 12. axb5 Rxa1 13. Bxa1 Qa8 14. Bb2 c6 15. bxc6 bxc6 16. Bxf6 Bxf6 17. d4 Rb8 18. Nc3 Rb3 19. Ne4 Be7 20. Qxb3 h6 21. Rb1 g6 22. Qb8+ Qxb8 23. Rxb8+ Kg7 24. Bd3 Bf6 25. Rb7 Be6 26. Rb6 Bd7 27. Nxf6 Kxf6 28. Bxf5 Kxf5 29. Nd2 Ke6 30. f3 d5 31. cxd5+ Kxd5 32. Rb7 Be6 33. Re7 Kd6 34. Rxe6+ Kxe6 35. Kf2 Kd5 36. Ne4 Ke6 37. Ke2 f5 38. Ng3 h5 39. Nf1 Kd5 40. Nd2 g5 41. Kd3 h4 42. h3 Ke6 43. Nc4 Kd5 44. Ne5 Ke6 45. Nxc6 Kd5 46. Ne7+ Ke6 47. Ng6 Kf6 48. Nf8 Ke7 49. Ng6+ Kf6 50. Ne5 Ke6 51. Kc4 f4 52. e4 Kd6 1-0